000 00665nam a2200289Ia 4500
005 20260324144715.0
008 008 260324s9999 xx 000 0 eng d
020 _a9780429040306
037 _aEBOOK
040 _aCRL
040 _beng
040 _cCRL
041 _2eng
041 _aeng
084 _qCRL
100 _aFred Arnold
_91220314
245 0 _aAsian Labor Migration
245 0 _bPipeline To The Middle East
260 _bTaylor and Francis
260 _c1986
365 _a
365 _b230
856 _uhttp://www.taylorfrancis.com/books/9780429040306
942 _cEBOOK
999 _c1827259
_d1827259